banner-ar

ENGLISH 2600: A PROGRAMED COURSE IN GRAMMAR AND USAGE / (Record no. 14143)

MARC details
000 -الفاتح
حقل البيانات ثابتة الطول 00504nam a2200169Ia 4500
008 - عناصر البيانات ثابتة الطول - معلومات عامة
حقل البيانات ثابتة الطول 140319s9999 xx 000 0 eng d
040 ## - مصدر الفهرسة
وكالة الفهرسة الأصلية GCL /
وكالة النسخ GCL
082 04 - رقم تصنيف ديوى العشرى
رقم التصنيف 428.24
رقم المادة B E
100 1# - المدخل الرئيسى - إسم شخصى
الإسم الشخصى BLUMENTHAL, JOSEPH C
245 10 - بيان العنوان
العنوان ENGLISH 2600: A PROGRAMED COURSE IN GRAMMAR AND USAGE /
بيان المسئوليه,etc BLUMENTHAL, JOSEPH C
260 ## - PUBLICATION, DISTRIBUTION, ETC. (IMPRINT)
تاريخ النشر أو التوزيع 1962
300 ## - الوصف المادى
التعداد 439 P
650 04 - المدخل الاضافى بالموضوع-مصطلح موضوعى
مصطلح موضوعي ENGLISH LANGUAGE - GRAMMAR
650 04 - المدخل الاضافى بالموضوع-مصطلح موضوعى
مصطلح موضوعي ENGLISH LANGUAGE
942 ## - عناصر المدخل الإضافي( كوها)
مصدر التصنيف او مخطط الترفيف Dewey Decimal Classification
Koha [default] item type كتاب
260 ## - PUBLICATION, DISTRIBUTION, ETC. (IMPRINT)
-- [S.N] :
-- HARCOUT BRAUCE COLLEGE PUBLISHRES ،
Holdings
حالة التراجع حالة الفقد حالة تلف ليس للاعارة المكان المؤقت الموقع الحالى تاريخ الاكتساب اجمالي اﻻعارات رقم الطلب الباركود تاريخ اخر مشاهدة تاريخ تفعيل السعر نوع وعاء كوها
        مكتبة القاهرة الكبرى مكتبة القاهرة الكبرى 03/26/2014   428.24\B E 26625 03/26/2014 03/26/2014 كتاب

Powered By

EGPV